| 000 | 00503nam a2200193Ia 4500 | ||
|---|---|---|---|
| 003 | 0100 | ||
| 008 | 130227s9999 xx 000 0 und d | ||
| 040 | _cARRUPELIB | ||
| 050 | _aHM216.B17 1982 | ||
| 100 | _aBarrow, Robin | ||
| 245 | _aInjustice, Inequality and ethics | ||
| 245 | _ba philosophical introduction to moral problems | ||
| 260 | _bBarnes and Noble Books | ||
| 260 | _C1982 | ||
| 300 | _a204p. | ||
| 300 | _b 22cm. | ||
| 650 | _bHumanism--20th century--Addresses | ||
| 942 |
_2lcc _07 |
||
| 999 |
_c2405 _d2405 |
||